Comentarios a la Ley de Orden Público / Jesús González Pérez
Descripción Física:
456, [8] p. ; 21 cm
MARC
| LEADER | 00000nam a2200000Ia 4500 | ||
|---|---|---|---|
| 001 | 14161 | ||
| 008 | 160829s1971 xx 000 0 cat d | ||
| 080 | |a D-2-87 | ||
| 100 | |a González Pérez, Jesús |9 24886 | ||
| 245 | |a Comentarios a la Ley de Orden Público / Jesús González Pérez | ||
| 260 | |a Madrid : |b Abella : |b El Consultor de los Ayuntamientos y de los Juzgados, |c 1971 | ||
| 300 | |a 456, [8] p. ; |c 21 cm | ||
| 590 | |a Índex | ||
| 650 | |a Ordre públic |x Dret i legislació |x Espanya |9 24887 | ||
| 710 | 2 | |a Consultor de los Ayuntamiento y de los Juzgados |e entitat editora |9 55140 | |
| 901 | |a Arxiu | ||
| 942 | |n 1 |2 udc | ||
| 952 | |0 1 |1 0 |2 udc |4 0 |5 2 |6 D287 |7 1 |9 43360 |a Arxiu |b Arxiu |d 2016-12-01 |l 0 |o D-2-87 |p 14161 |r 2016-12-01 00:00:00 |w 2016-12-01 |y ARXIU | ||
| 999 | |c 45905 |d 45905 | ||